ՀՀ Գիտությունների ազգային ակադեմիայի հիմնարար գիտական գրադարան  =   Fundamental Scientific Library of NAS RA

Гангут : (Record no. 451238)

MARC details
000 -LEADER
fixed length control field 00780nam a22001937a 4500
003 - CONTROL NUMBER IDENTIFIER
control field AM-YeHGA
005 - DATE AND TIME OF LATEST TRANSACTION
control field 20250617160336.0
008 - FIXED-LENGTH DATA ELEMENTS--GENERAL INFORMATION
fixed length control field 200924s1944 ru ||||| |||| 00| 0 rus d
040 ## - CATALOGING SOURCE
Original cataloging agency AM-YeHGA
041 0# - LANGUAGE CODE
Language code of text/sound track or separate title rus
090 ## - LOCALLY ASSIGNED LC-TYPE CALL NUMBER (OCLC); LOCAL CALL NUMBER (RLIN)
-- 454176
100 1# - MAIN ENTRY--PERSONAL NAME
Personal name Новиков, Николай Васильевич.
245 10 - TITLE STATEMENT
Title Гангут :
Remainder of title Кампании 1713 и 1714 гг. на Финляндском театре : Гангутская операция и бой 27-го июля 1714 г. /
Statement of responsibility, etc. Капитан 1-го ранга Н. В. Новиков.
260 ## - PUBLICATION, DISTRIBUTION, ETC.
Place of publication, distribution, etc. Москва :
Name of publisher, distributor, etc. Военмориздат,
Date of publication, distribution, etc. 1944.
300 ## - PHYSICAL DESCRIPTION
Extent 95 с.
440 #0 - SERIES STATEMENT/ADDED ENTRY--TITLE
Title Библиотека морского офицера
653 0# - INDEX TERM--UNCONTROLLED
Uncontrolled term Гангутская операция
942 ## - ADDED ENTRY ELEMENTS (KOHA)
Source of classification or shelving scheme Universal Decimal Classification
Koha item type Գրքեր / Books
Holdings
Withdrawn status Lost status Damaged status Not for loan Collection Home library Current library Date acquired Total checkouts Full call number Barcode Date last seen Price effective from Koha item type Public note Source of classification or shelving scheme
        General Fundamental Scientific Library Fundamental Scientific Library 24/09/2020   РД I/12019 FL0627637 24/09/2020 24/09/2020 Գրքեր / Books 30 Days Loan  
        General Fundamental Scientific Library Fundamental Scientific Library 27/06/2022   РД I/13068 FL0628707 27/06/2022 27/06/2022 Գրքեր / Books 30 Days Loan Universal Decimal Classification


ՀՀ ԳԱԱ հիմնարար գիտական գրադարան
ՀՀ,Երևան 0019
Մարշալ Բաղրամյան 24/6
հեռախոս:(374-10) 52-47-50
Հետադարձ կապ

All site content, except where otherwise noted, is licensed under a
Creative Commons License